01087 2200361 4500001002100000005001500021035002000036007000300056040001600059100002900075245008300104250001100187300004300198020002200241041000800263082001000271084001600281090002100297264002900318336002100347337003000368338002300398650001100421850001000432008004100442700004300483700004600526700004200572700004400614504002500658500002000683990002200703INLIS00000000000455020260525112037 a0010-0122000182ta aSBUPADbind0 aAaron LumpkinePengarang1 ayou can change your life aim for success rahasia menjalani hidup yang bermakna aCet. 5 aviii, 124 hal. :billus. ;c15 x 23 cm a978-979-015-016-4 aind a153.8 a153.8 AAR y a155.25 IND e R-3 aJakarta :bEsensi,c2007 2rdacontentaTeks 2rdamediaaTanpa Perantara 2rdacarrieravolume 4asukses aPUPAD260525 0  aeditor k-1 , Daniel p.purbaePengarang aeditor k-3 , Margaretha H.EddyePengarang aeditor k-2 , Theresia ViniePengarang aPenerjemah, Aditya SuharmokoePengarang abibliografi, 121 hlm aindeks, hlm 123 a5786/ARPUS-PDG/08